Беседы о литературе: Восток (Запись № 11985957)

Подробности
000 -МАРКЕР
контрольное поле 01589nam0a2200325 i 4500
001 - ИДЕНТИФИКАТОР ЗАПИСИ
контрольное поле RU\NLR\BIBL_A\011826021
005 - ИДЕНТИФИКАТОР ВЕРСИИ
контрольное поле 20260405175415.0
010 ## - МЕЖДУНАРОДНЫЙ СТАНДАРТНЫЙ НОМЕР КНИГИ (ISBN)
Номер (ISBN) 9785987128596
Тираж 500
035 ## - ДРУГИЕ СИСТЕМНЫЕ НОМЕРА
Идентификатор записи (NLR Aleph) 011826021
100 ## - ДАННЫЕ ОБЩЕЙ ОБРАБОТКИ
Данные общей обработки 20181017d2018 u y0rusy50 ca
101 0# - ЯЗЫК РЕСУРСА
Язык текста, звукозаписи и т.д. русский
102 ## - СТРАНА ПУБЛИКАЦИИ ИЛИ ПРОИЗВОДСТВА
Страна публикации Российская Федерация
105 ## - ПОЛЕ КОДИРОВАННЫХ ДАННЫХ: ТЕКСТОВЫЕ МАТЕРИАЛЫ, МОНОГРАФИЧЕСКИЕ
Кодированные данные о монографическом текстовом документе y w 001zy
200 1# - ЗАГЛАВИЕ И СВЕДЕНИЯ ОБ ОТВЕТСТВЕННОСТИ
Основное заглавие Беседы о литературе: Восток
Сведения, относящиеся к заглавию [сборник трудов]
Первые сведения об ответственности Георгий Чистяков
Последующие сведения об ответственности Российская академия наук, Институт научной информации по общественным наукам
210 ## - ПУБЛИКАЦИЯ, РАСПРОСТРАНЕНИЕ И ДР.
Место издания, распространения и т.д. Москва
-- Санкт-Петербург
Имя издателя, распространителя и т. д. Центр гуманитарных инициатив
Дата издания, распространения и т.д. 2018
215 ## - ФИЗИЧЕСКАЯ ХАРАКТЕРИСТИКА
Специфическое обозначение материала и объем 429, [2] с.
Размеры 22
225 1# - СЕРИЯ
Основное заглавие серии Humanitas
Сведения об ответственности редакционная коллегия: Л.В. Скворцов (председатель) и др.
300 ## - ОБЩИЕ ПРИМЕЧАНИЯ
Текст примечания На 4-й с. обл. авт.: Г.П. Чистяков, богослов, историк, филолог, священник
606 ## - НАИМЕНОВАНИЕ ТЕМЫ КАК ПРЕДМЕТ
Наименование темы Западноевропейская литература
Хронологический подзаголовок 19 - 20 вв.
Системный номер авторитетной/нормативной записи 2273363
Идентификатор авторитетной/нормативной записи RU\NLR\AUTH\661362474
606 ## - НАИМЕНОВАНИЕ ТЕМЫ КАК ПРЕДМЕТ
Наименование темы Русская литература
Хронологический подзаголовок 19 в.
Системный номер авторитетной/нормативной записи 916588
Идентификатор авторитетной/нормативной записи RU\NLR\AUTH\6616122
686 1# - ИНДЕКСЫ ДРУГИХ КЛАССИФИКАЦИЙ
Индекс Ш5(0)53я44
686 1# - ИНДЕКСЫ ДРУГИХ КЛАССИФИКАЦИЙ
Индекс Ш5(0)6я44
686 1# - ИНДЕКСЫ ДРУГИХ КЛАССИФИКАЦИЙ
Индекс Ш5(2=Р)5я44
700 #1 - ИМЯ ЛИЦА - ПЕРВИЧНАЯ ОТВЕТСТВЕННОСТЬ
Графика поля Кириллица
Материалы, к которым относится поле rus
Начальный элемент ввода Чистяков
Часть имени, кроме начального элемента ввода Г. П.
Даты 1953-2007
Расширение инициалов личного имени Георгий Петрович
Системный номер авторитетной/нормативной записи 59419
Идентификатор авторитетной/нормативной записи RU\NLR\AUTH\7776491
942 ## - ДОПОЛНИТЕЛЬНЫЕ ЭЛЕМЕНТЫ ЗАПИСИ (АБИС)
Тип экземпляра АБИС Книга
980 ## - КОЛЛЕКЦИЯ
Название коллекции НБР

Нет доступных экземпляров.